| 000 | 00429nam a2200181Ia 4500 | ||
|---|---|---|---|
| 003 | OSt | ||
| 005 | 20241126110328.0 | ||
| 008 | 160516b xxu||||| |||| 00| 0 eng d | ||
| 020 | _a0847407144 | ||
| 040 | _cGBC | ||
| 082 |
_a266 _bWEI |
||
| 100 |
_aWeiss, G. Christian _92026 |
||
| 245 | _aGod and the nations | ||
| 260 |
_bBack to the Bible, _aLincoln : _c1966 |
||
| 300 | _a127p. | ||
| 650 |
_aMissions _9885 |
||
| 942 |
_2ddc _cBK _012 |
||
| 999 |
_c42 _d42 |
||